Disremembering the dictatorship : the politics of memory in the spanish transition to democracy /

Gespeichert in:
Bibliographische Detailangaben
Weitere Verfasser: Resina, Joan Ramon
Format: Buch
Sprache:Englisch
Spanisch
Veröffentlicht: Amsterdam : Rodopi, 2000
Schriftenreihe:Portada Hispánica ; 8
Tags: Tag hinzufügen
Keine Tags, Fügen Sie das erste Tag hinzu!

MARC

LEADER 00000nam a22000007i 4500
001 IT\ICCU\UBO\4122747
003 ItRI
005 20260115231958.0
008 150205s2000 ne |||||| ||||| |||||c
020 |a 9042013524 
040 |b ita  |c importazione bologna sebina 
041 7 |a eng  |a spa  |2 ISO-639-2 
245 0 0 |a Disremembering the dictatorship :  |b the politics of memory in the spanish transition to democracy /  |c edited by Joan Ramon Resina. 
260 |a Amsterdam :  |b Rodopi,  |c 2000 
300 |a 250 p. ;  |c 23 cm 
700 1 |a Resina, Joan Ramon  |0 IT\ICCU\MILV\056059 
830 0 |a Portada Hispánica ;  |v 8  |0 IT\ICCU\UBO\0357053 
942 |2 ddc  |c BK  |n 0 
952 |0 0  |1 0  |4 0  |6 DOC_306_766000000000000_RES  |7 0  |9 18376  |a BO  |b BO  |d 2026-01-15  |i 17571  |l 0  |o DOC 306.766 RES  |p BO17571  |r 2026-01-15 23:19:58  |w 2026-01-15  |x [Sebina 5] [1 v.]  |y BK  |z 1 v. 
999 |c 15552  |d 15552